=LDR 00000nam 2200000 4500 =001 INLIS000000000033311 =005 20130612135256 =008 ***********************************ind** =035 ##$$0010-061300000033311 =041 ##$$a ind =082 ##$$a 615.65 =090 ##$$a 615.65, Kor,b =100 ##$$a Koraag,Johanes F =245 ##$$a Berbagi Nyawa, Hidup Bahagia Dengan Berdonor Darah, Johanes F.Koraag =260 ##$$a 2010 $b Jakarta =300 ##$$a iii hlm., 21 cm =650 ##$$a Darah - Tranfusi =850 ##$$a NBPNMAT